| 000 | 00756cam a2200193 i 4500 | ||
|---|---|---|---|
| 005 | 20251215093727.0 | ||
| 008 | 250721s2000 jo gr 000 0 ara d | ||
| 082 | 1 | 4 |
_a216.534 _bج ر ا |
| 100 | 1 |
_aجرادات، صالح أحمد _eمؤلف. |
|
| 245 | 1 | 0 |
_aحقوق المرأة في الإسلام: دراسة مقارنة مع الواقع : _bدراسة مقارنة مع الواقع / _cتاليف الدكتور صالح احمد جرادات. |
| 250 | _aالطبعه الاولي. | ||
| 264 | 3 | 1 |
_aعمان : _bوزارة الثقافة، _c2000. |
| 300 | _a206 صفحه. | ||
| 650 | 1 | 7 | _aالمرأة المسلمة. |
| 650 | 1 | 7 | _aحقوق المرأة. |
| 650 | 1 | 7 | _aالإسلام. |
| 942 |
_2ddc _cBK |
||
| 999 |
_c41786 _d41786 |
||